000 00407nab a2200145Ia 4500
003 ES-SlBCS
005 20210601150854.0
008 140529s1957 xxu||||| |||| 00| 0 spa d
041 _aspa
100 1 _aAguilar, R.
_9326921
245 0 0 _aTeoría divina del sufrimiento
_c R. Aguilar
650 0 4 _aSufrimiento
_993180
773 0 _tVida Sobrenatural, la
_gvol. 58, 1957, págs. 432-439
_wRev495
942 _cAR
999 _c748138
_d748138